| 000 | 01654cam a22003854a 4500 | ||
|---|---|---|---|
| 001 | 14328109 | ||
| 003 | NUST-PNEC | ||
| 005 | 20170116180703.0 | ||
| 008 | 060404s2007 maua b 001 0 eng | ||
| 010 | _a 2006044986 | ||
| 020 | _a9780262062596 | ||
| 020 | _a0262062593 | ||
| 040 |
_aDLC _cPNEC |
||
| 042 | _apcc | ||
| 050 | 0 | 0 |
_aVM156 _b.F47 2007 |
| 082 | 0 | 0 | _a623.8109032 FER |
| 100 | 1 | _aFerreiro, Larrie D. | |
| 245 | 1 | 0 |
_aShips and science : _bthe birth of naval architecture in the scientific revolution, 1600-1800 / _cLarrie D. Ferreiro. |
| 260 |
_aCambridge, Mass. : _bMIT Press, _cc2007. |
||
| 300 |
_axxiv, 441 p. : _bill. ; _c24 cm. |
||
| 490 | 1 | _aTransformations: studies in the history of science and technology | |
| 500 | _ahttp://www.amazon.com/Ships-Science-Architecture-Scientific-Transformations/dp/0262062593/ref=sr_1_1?ie=UTF8&qid=1410600401&sr=8-1&keywords=9780262062596 | ||
| 504 | _aIncludes bibliographical references (p. 377-428) and index. | ||
| 650 | 0 |
_aNaval architecture _xHistory _y17th century. |
|
| 650 | 0 |
_aNaval architecture _xHistory _y18th century. |
|
| 650 | 0 |
_aMechanics _xHistory _y17th century. |
|
| 650 | 0 |
_aMechanics _xHistory _y18th century. |
|
| 650 | 0 |
_aShipbuilding _xHistory _y17th century. |
|
| 650 | 0 |
_aShipbuilding _xHistory _y18th century. |
|
| 830 | 0 | _aTransformations (M.I.T. Press) | |
| 856 | 4 | 2 |
_3Book review (H-Net) _uhttp://www.h-net.org/review/hrev-a0f4a9-aa |
| 906 |
_a7 _bcbc _corignew _d1 _eocip _f20 _gy-gencatlg |
||
| 942 |
_2ddc _cBK |
||
| 999 |
_c60635 _d60635 |
||